Hilal August-2010 (Record no. 197598)
[ view plain ]
| 000 -LEADER | |
|---|---|
| fixed length control field | 00846 a2200193 4500 |
| 003 - CONTROL NUMBER IDENTIFIER | |
| control field | Nust |
| 005 - DATE AND TIME OF LATEST TRANSACTION | |
| control field | 20170207154430.0 |
| 040 ## - CATALOGING SOURCE | |
| Transcribing agency | Nust |
| 082 ## - DEWEY DECIMAL CLASSIFICATION NUMBER | |
| Classification number | 050 |
| 100 ## - MAIN ENTRY--PERSONAL NAME | |
| Personal name | Maj Gen Athar Abbas,HI(M) |
| 245 ## - TITLE STATEMENT | |
| Title | Hilal August-2010 |
| Statement of responsibility, etc. | Maj Gen Athar Abbas,HI(M) |
| 250 ## - EDITION STATEMENT | |
| Edition statement | 2, Volume 47 |
| 260 ## - PUBLICATION, DISTRIBUTION, ETC. | |
| Place of publication, distribution, etc. | Rawalpindi,Pakistan |
| Name of publisher, distributor, etc. | ISPR Dte |
| Date of publication, distribution, etc. | August-2010 |
| 300 ## - PHYSICAL DESCRIPTION | |
| Extent | English-48 & Urdu-51p; |
| 505 ## - FORMATTED CONTENTS NOTE | |
| Formatted contents note | From the Editor’s Desk (Page-3) Calendar August 2010 (Page-4) Azadi Special (Page-5) Scourge of Terrorism (Page-10) Future Maps (Page-7) Serious Notes (Page-21) Current Issues (Page-24) Why Don’t We Learn From History (Page-29) Valiant Heroes (Page-16) Health Watch (Page-33) Miscellanea (Page-14) New AND Updates (Page-41) Picture Gallery(Page-44) |
| 538 ## - SYSTEM DETAILS NOTE | |
| System details note | Almirah No.137 Shelf No.5 |
| 610 ## - SUBJECT ADDED ENTRY--CORPORATE NAME | |
| Corporate name or jurisdiction name as entry element | Qty-3 |
| 651 ## - SUBJECT ADDED ENTRY--GEOGRAPHIC NAME | |
| Geographic name | Pakistan Armed Forces Magazine |
| 942 ## - ADDED ENTRY ELEMENTS (KOHA) | |
| Koha item type | |
| Withdrawn status | Lost status | Source of classification or shelving scheme | Damaged status | Not for loan | Collection code | Permanent Location | Current Location | Date acquired | Total Checkouts | Full call number | Barcode | Date last seen | Price effective from | Koha item type |
|---|---|---|---|---|---|---|---|---|---|---|---|---|---|---|
| Military College of Signals (MCS) | Military College of Signals (MCS) | 12/12/2016 | 050 ABB | MCSP-32/35 | 12/08/2016 | 12/12/2016 | Book |
